01148nas a2200289 4500001001300000003000900013005001700022007000300039008003400042040005400076041000900130072001300139100002800152100001500180100001900195100001900214100002500233245020700258650002200465650001100487650002600498773010400524909004000628942001800668999001900686952015300705BR2016003673BR-BrBNA20231205130549.0ta230509b bl.|||p| |||| 00| 00por d aBR-BrBNAbporcBiblioteca Nacional de Agricultura a(Pt) aL53; M121 aFerreira Júnior, P.D.1 aRosa, M.F.1 aLorenzo, M. de1 aMonteiro, M.F.1 aAzevedo Júnior, R.1 aInfluência das características geológicas do local de desova na duração da incubação e no sucesso da eclosão dos ovos de Caretta caretta na praia da Guanabara, Anchieta, Espírito Santo aTARTARUGA MARINHA aDESOVA aREPRODUÇÃO ANIMAL0 tIheringia. Série Zoologia (Brazil)xISSN 0073-4721g(Dec 2008), v. 98(4) p. 447-453wBR2016003673 a202311bLúciac55dLúcia Elande 2AGRISn0cANA c250117d250117 002AGRIS4071a41918b41918cPeriódicos Agrícolash(Dec 2008), v. 98(4) p. 447-453l0r2023-11-29t01yCRePortaria Interministerial nº 164/94